00989nam a22002777a 45000010005000000030006000050050017000110080041000280200018000690400029000870500008001160820010001241000017001342450053001512500041002042600051002453000049002964900028003455050008003735200179003815210029005605210020005896500027006096500036006366500039006727685FISKH20250731094758.0250731b cb ||||| |||| 00| 0 eng d a9781848797192 aFISKHbengcFISKHdFISKH aPZ7 a398.2 aBaker, Sara  aSleeping beauty / cIllustrations by Sara Baker  aThis edition first published in 2010 aNashvilles : bMake Believe Idea Ltd., c2007. a31 pages : bcolor illustrations ;c23 cm .  aReady to read vLevel 1 aJ  aRetells the classic fairy tale in which a princess sleeps for a hundred years and is reawakened by a prince, and includes a picture dictionary and other resources for readers8 a500 bLexile estimate 8 aJ bRaz-Plus  aHardcove vFairy tales aPrincess vJuvenile Literature  aLittle kids vJuvenile Literature